[Event "Bad Woerishofen op 29th"]
[Site "Bad Woerishofen"]
[Date "2013.03.07"]
[Round "7"]
[White "Kapfer, Ulrich"]
[Black "Turcan, Milan"]
[Result "0-1"]
[WhiteElo "1902"]
[BlackElo "2065"]
[PlyCount "86"]
[EventDate "2013.03.01"]
[EventType "swiss"]
[EventRounds "9"]
[EventCountry "GER"]
[SourceTitle "CBM 153 Extra"]
[Source "ChessBase"]
[SourceDate "2013.04.22"]
[SourceVersion "1"]
[SourceVersionDate "2013.04.22"]
[SourceQuality "1"]

1. c4 Nf6 2. Nc3 g6 3. g3 Bg7 4. Bg2 0-0 5. d3 c6 6. Nf3 d5 7. cxd5 cxd5 8. e3 Nc6 9. d4 Bf5 10. 0-0 Rc8 11. Bd2 Bd3 12. Re1 Ne4 13. Nxe4 dxe4 14. Ng5 Qd5 15. Nh3 e5 16. Bc3 exd4 17. exd4 Nxd4 18. Nf4 Qc5 19. Nxd3 exd3 20. Qxd3 b5 21. Rac1 Rfd8 22. Qe4 Qb6 23. Rcd1 b4 24. Bxd4 Rxd4 25. Rxd4 Bxd4 26. Qe2 Rc5 27. Rd1 Rf5 28. Rd2 Rxf2 29. Qe8+ Kg7 30. Rxf2 Bxf2+ 31. Kh1 Qd4 32. Qe2 Qc5 33. b3 Bd4 34. Bf3 h5 35. Kg2 Qg5 36. Qe4 Qd2+ 37. Qe2 Qc1 38. Qd1 Qc5 39. Qe2 Bf6 40. Qe8 h4 41. g4 Be5 42. Qc6 Qe3 43. Qc4 h3+ 0-1

[Event "Wiesbaden op 23rd"]
[Site "Wiesbaden"]
[Date "2011.08.28"]
[Round "7"]
[White "Beck, Michael"]
[Black "Turcan, Milan"]
[Result "0-1"]
[WhiteElo "1997"]
[BlackElo "2076"]
[PlyCount "38"]
[EventDate "2011.08.25"]
[EventType "swiss"]
[EventRounds "7"]
[EventCountry "GER"]
[SourceTitle "CBM 144 Extra"]
[Source "ChessBase"]
[SourceDate "2011.10.28"]
[SourceVersion "1"]
[SourceVersionDate "2011.10.28"]
[SourceQuality "1"]

1. Nf3 Nf6 2. c4 d5 3. g3 g6 4. Bg2 Bg7 5. d4 0-0 6. 0-0 c6 7. cxd5 cxd5 8. Nc3 Nc6 9. Bf4 a6 10. Qd2 Re8 11. Rfd1 b5 12. Rac1 Bb7 13. Ne5 Na5 14. b3 e6 15. Bg5 Rc8 16. Ng4 Nc6 17. Qe3 Nxg4 18. Qf4 Bf6 19. h4 h6 0-1

[Event "Cesky Krumlov op 2nd"]
[Site "Cesky Krumlov"]
[Date "2008.10.11"]
[Round "1"]
[White "Turcan, Milan"]
[Black "Kral, Ladislav"]
[Result "1/2-1/2"]
[WhiteElo "2112"]
[BlackElo "1766"]
[PlyCount "90"]
[EventDate "2008.10.11"]
[EventType "swiss"]
[EventRounds "9"]
[EventCountry "CZE"]
[SourceTitle "CBM 126 Extra"]
[Source "ChessBase"]
[SourceDate "2008.11.05"]
[SourceVersion "1"]
[SourceVersionDate "2008.11.05"]
[SourceQuality "1"]

1. e4 e6 2. d3 d5 3. Nd2 Nf6 4. Ngf3 c5 5. g3 Nc6 6. Bg2 Bd6 7. 0-0 d4 8. Nc4 e5 9. Nxd6+ Qxd6 10. Nd2 b5 11. a4 b4 12. Nc4 Qe7 13. f4 0-0 14. fxe5 Nxe5 15. Bg5 Nxc4 16. e5 Nxe5 17. Bxa8 Bg4 18. Bxf6 gxf6 19. Bf3 Nxf3+ 20. Rxf3 Bxf3 21. Qxf3 Re8 22. Rf1 Qe3+ 23. Kg2 Qxf3+ 24. Kxf3 Re3+ 25. Kf2 Kf8 26. b3 Ke7 27. Rd1 Ke6 28. Rd2 Kf5 29. Kf1 Kg4 30. Kg2 f5 31. Rf2 f6 32. Rf4+ Kg5 33. Kf1 h5 34. Kf2 Kg6 35. Kf1 Kg5 36. Rf2 Kg4 37. Kg2 Kg5 38. a5 Re1 39. h4+ Kg6 40. Kf3 Ra1 41. Ke2 Rxa5 42. Kd2 Ra1 43. Re2 Rg1 44. Re1 Rxg3 45. Re8 Rg4 1/2-1/2

[Event "IECG CP.2000.Q.00033"]
[Site "IECG email"]
[Date "2001.10.01"]
[Round "?"]
[White "Puntunet Roca, David"]
[Black "Turcan, Milan"]
[Result "1-0"]
[WhiteElo "2052"]
[BlackElo "2245"]
[PlyCount "81"]
[EventDate "2001.10.01"]
[EventType "tourn (corr)"]
[EventRounds "6"]
[SourceTitle "Corr 2008"]
[Source "ChessBase"]
[SourceDate "2008.06.24"]
[SourceVersion "1"]
[SourceVersionDate "2008.06.24"]
[SourceQuality "1"]

1. d4 Nf6 2. c4 c5 3. d5 e6 4. Nc3 exd5 5. cxd5 d6 6. e4 g6 7. h3 a6 8. a4 Bg7 9. Nf3 0-0 10. Bd3 Re8 11. 0-0 Nbd7 12. Bf4 Qe7 13. Re1 Nh5 14. Bh2 Ne5 15. Be2 Bd7 16. Nxe5 Bxe5 17. Bxh5 Bxh2+ 18. Kxh2 Qe5+ 19. Kh1 gxh5 20. a5 Kh8 21. Qf3 Re7 22. Ra3 Rg8 23. Rb3 f6 24. Rg1 Reg7 25. Ne2 h4 26. Nf4 f5 27. Re1 Ba4 28. Rbe3 Bd7 29. Rb3 Be8 30. Rbe3 Bb5 31. exf5 Qxf5 32. Re7 Bd7 33. Qc3 Qxf4 34. Rxd7 Qd4 35. Rxg7 Rxg7 36. Re8+ Rg8 37. Re7 Qxc3 38. bxc3 Rg7 39. Re8+ Rg8 40. Rxg8+ Kxg8 41. Kg1 1-0

[Event "IECG CP.2000.Q.00033"]
[Site "IECG email"]
[Date "2001.10.01"]
[Round "?"]
[White "Turcan, Milan"]
[Black "Altea, Eduardo"]
[Result "1-0"]
[WhiteElo "2245"]
[BlackElo "1600"]
[PlyCount "69"]
[EventDate "2001.10.01"]
[EventType "tourn (corr)"]
[EventRounds "6"]
[SourceTitle "Corr 2008"]
[Source "ChessBase"]
[SourceDate "2008.06.24"]
[SourceVersion "1"]
[SourceVersionDate "2008.06.24"]
[SourceQuality "1"]

1. e4 c5 2. Nf3 Nc6 3. Bb5 e5 4. 0-0 Nf6 5. Bxc6 dxc6 6. Nxe5 Bd6 7. Nc4 Be6 8. Nxd6+ Qxd6 9. Qe2 Qe5 10. d3 c4 11. f4 Qd4+ 12. Qe3 Qxe3+ 13. Bxe3 cxd3 14. cxd3 0-0-0 15. Nc3 Rxd3 16. Bxa7 Rhd8 17. Bb6 R8d7 18. f5 Bc4 19. e5 Nd5 20. e6 fxe6 21. fxe6 Nxb6 22. exd7+ Kxd7 23. Rad1 Rxd1 24. Rxd1+ Kc7 25. Re1 Nd5 26. Nxd5+ cxd5 27. Re7+ Kd6 28. Rxg7 Bxa2 29. Rxh7 d4 30. Kf2 Bd5 31. g4 Be6 32. Rh6 Ke5 33. Rxe6+ Kxe6 34. Ke2 Ke5 35. Kd3 1-0

[Event "IECG CM.2001.0.00133"]
[Site "IECG email"]
[Date "2001.02.25"]
[Round "?"]
[White "Labahn, Wolfgang"]
[Black "Turcan, Milan"]
[Result "0-1"]
[WhiteElo "2225"]
[BlackElo "2203"]
[PlyCount "54"]
[EventDate "2001.02.25"]
[EventType "tourn (corr)"]
[EventRounds "6"]
[SourceTitle "Corr 2008"]
[Source "ChessBase"]
[SourceDate "2008.06.24"]
[SourceVersion "1"]
[SourceVersionDate "2008.06.24"]
[SourceQuality "1"]

1. e4 e6 2. d4 d5 3. Nc3 Bb4 4. e5 c5 5. a3 Bxc3+ 6. bxc3 Ne7 7. h4 Qc7 8. Nf3 h6 9. h5 b6 10. Bb5+ Bd7 11. Bd3 Ba4 12. Bf4 Nd7 13. Qd2 a6 14. Rh3 Bb5 15. a4 Bxd3 16. Qxd3 Nb8 17. g4 Nbc6 18. Bd2 Na5 19. Nh4 Nc4 20. Ra2 Nc6 21. f4 0-0-0 22. Ng2 Kb7 23. Ne3 Nxe3 24. Bxe3 c4 25. Qf1 f6 26. Bc1 Rhf8 27. Rd3 cxd3 0-1

[Event "IECG CM.2001.0.00133"]
[Site "IECG email"]
[Date "2001.02.25"]
[Round "?"]
[White "Turcan, Milan"]
[Black "Fleurackers, Norbert"]
[Result "1-0"]
[WhiteElo "2203"]
[BlackElo "2255"]
[PlyCount "65"]
[EventDate "2001.02.25"]
[EventType "tourn (corr)"]
[EventRounds "6"]
[SourceTitle "Corr 2008"]
[Source "ChessBase"]
[SourceDate "2008.06.24"]
[SourceVersion "1"]
[SourceVersionDate "2008.06.24"]
[SourceQuality "1"]

1. e4 c5 2. Nf3 d6 3. d4 cxd4 4. Nxd4 Nf6 5. Nc3 g6 6. Be3 Bg7 7. f3 0-0 8. Qd2 Nc6 9. Bc4 Bd7 10. 0-0-0 Rc8 11. Bb3 Ne5 12. Kb1 Nc4 13. Bxc4 Rxc4 14. g4 Qa5 15. Nb3 Qa6 16. Bh6 Rfc8 17. Bxg7 Kxg7 18. e5 Ne8 19. h4 h6 20. exd6 Rxc3 21. bxc3 Nxd6 22. Qd4+ Kg8 23. Qb4 Be6 24. Qa5 Qxa5 25. Nxa5 Rxc3 26. Rhf1 h5 27. gxh5 Rc5 28. Nb3 Rxh5 29. Rfe1 Kf8 30. Rd4 Bd5 31. Nd2 Bc6 32. Rg4 Nf5 33. Rh1 1-0

[Event "IECG CM.2001.0.00133"]
[Site "IECG email"]
[Date "2001.02.25"]
[Round "?"]
[White "Wolff, Steven D"]
[Black "Turcan, Milan"]
[Result "1/2-1/2"]
[WhiteElo "2202"]
[BlackElo "2203"]
[PlyCount "51"]
[EventDate "2001.02.25"]
[EventType "tourn (corr)"]
[EventRounds "6"]
[SourceTitle "Corr 2008"]
[Source "ChessBase"]
[SourceDate "2008.06.24"]
[SourceVersion "1"]
[SourceVersionDate "2008.06.24"]
[SourceQuality "1"]

1. e4 e6 2. d3 d5 3. Nd2 Nf6 4. Ngf3 b6 5. c3 c5 6. Be2 Be7 7. 0-0 Ba6 8. Re1 Qc7 9. Qc2 0-0 10. Nf1 Nc6 11. Bg5 Rfd8 12. Rad1 d4 13. c4 Nd7 14. Bd2 Bb7 15. Ng3 Bd6 16. Qc1 Rf8 17. Ng5 Rae8 18. f4 f6 19. Nh3 a6 20. Rf1 b5 21. b3 b4 22. Bf3 a5 23. Ne2 Ra8 24. Qb2 a4 25. Ra1 axb3 26. axb3 1/2-1/2

[Event "IECG QM.2001.0.00032"]
[Site "IECG email"]
[Date "2001.??.??"]
[Round "?"]
[White "Esquivel Golcher, Luis"]
[Black "Turcan, Milan"]
[Result "0-1"]
[WhiteElo "2300"]
[BlackElo "2202"]
[PlyCount "21"]
[EventDate "2001.02.21"]
[EventType "tourn (corr)"]
[EventRounds "6"]
[SourceTitle "Corr 2008"]
[Source "ChessBase"]
[SourceDate "2008.06.24"]
[SourceVersion "1"]
[SourceVersionDate "2008.06.24"]
[SourceQuality "1"]

1. e4 e6 2. d4 d5 3. Nd2 Nc6 4. Ngf3 Nf6 5. exd5 exd5 6. Bd3 Nb4 7. Nf1 Nxd3+ 8. Qxd3 Bd6 9. Bg5 0-0 10. Ne3 c6 11. 0-0 0-1

[Event "IECG QM.2001.0.00033"]
[Site "IECG email"]
[Date "2001.??.??"]
[Round "?"]
[White "Ruys, Frank C"]
[Black "Turcan, Milan"]
[Result "1/2-1/2"]
[WhiteElo "2299"]
[BlackElo "2202"]
[PlyCount "82"]
[EventDate "2001.04.14"]
[EventType "tourn (corr)"]
[EventRounds "6"]
[SourceTitle "Corr 2008"]
[Source "ChessBase"]
[SourceDate "2008.06.24"]
[SourceVersion "1"]
[SourceVersionDate "2008.06.24"]
[SourceQuality "1"]

1. d4 Nf6 2. c4 e6 3. g3 c5 4. d5 exd5 5. cxd5 b5 6. Bg2 d6 7. e4 Nbd7 8. Ne2 g6 9. 0-0 Bg7 10. Bg5 0-0 11. Qc2 Re8 12. a3 h6 13. Bf4 Qb6 14. h3 a5 15. Nbc3 Ba6 16. Rfe1 b4 17. Na4 Qb8 18. Rad1 Bb5 19. b3 Bxa4 20. bxa4 b3 21. Qb1 Nh5 22. Be3 Ne5 23. Qc1 c4 24. Nd4 Qc8 25. Nb5 Ra6 26. Qb1 g5 27. Bd4 Nd3 28. Rxd3 cxd3 29. Rc1 Qc2 30. Be3 Qa2 31. Qxd3 b2 32. Rb1 Rc8 33. Bf3 Nf6 34. Bd1 Nd7 35. Bb3 Qa1 36. Qd1 Rb6 37. Bc2 Rxb5 38. axb5 Qxa3 39. Kg2 Qb4 40. h4 gxh4 41. gxh4 a4 1/2-1/2

[Event "IECG QM.2001.0.00032"]
[Site "IECG email"]
[Date "2001.??.??"]
[Round "?"]
[White "Schulze, Michael"]
[Black "Turcan, Milan"]
[Result "0-1"]
[WhiteElo "2400"]
[BlackElo "2202"]
[PlyCount "50"]
[EventDate "2001.02.21"]
[EventType "tourn (corr)"]
[EventRounds "6"]
[SourceTitle "Corr 2008"]
[Source "ChessBase"]
[SourceDate "2008.06.24"]
[SourceVersion "1"]
[SourceVersionDate "2008.06.24"]
[SourceQuality "1"]

1. d4 Nf6 2. c3 g6 3. Bg5 Bg7 4. Nd2 0-0 5. e3 d6 6. Bd3 Nbd7 7. f4 h6 8. Bh4 e5 9. Ne2 exf4 10. exf4 d5 11. Nf3 c5 12. Qd2 Re8 13. 0-0-0 Qb6 14. Rhe1 cxd4 15. Nexd4 Ne4 16. Qc2 Ndc5 17. Bb5 Bd7 18. Bxd7 Nxd7 19. Ne2 Qa5 20. Kb1 Nb6 21. f5 g5 22. Bg3 Nc4 23. Qc1 Rac8 24. Nfd4 Qa6 25. Nb3 h5 0-1

[Event "IECG QM.2001.0.00032"]
[Site "IECG email"]
[Date "2001.??.??"]
[Round "?"]
[White "Turcan, Milan"]
[Black "Esquivel Golcher, Luis"]
[Result "1-0"]
[WhiteElo "2202"]
[BlackElo "2300"]
[PlyCount "33"]
[EventDate "2001.02.21"]
[EventType "tourn (corr)"]
[EventRounds "6"]
[SourceTitle "Corr 2008"]
[Source "ChessBase"]
[SourceDate "2008.06.24"]
[SourceVersion "1"]
[SourceVersionDate "2008.06.24"]
[SourceQuality "1"]

1. e4 e6 2. d4 d5 3. e5 c5 4. c3 Qd7 5. Nf3 b6 6. a4 Ba6 7. Bxa6 Nxa6 8. Qe2 Nc7 9. 0-0 c4 10. Nbd2 Ne7 11. Re1 Ng6 12. b3 cxb3 13. Nxb3 Rc8 14. h4 Qc6 15. h5 Ne7 16. Qd3 g6 17. Bg5 1-0

[Event "IECG QM.2001.0.00033"]
[Site "IECG email"]
[Date "2001.??.??"]
[Round "?"]
[White "Turcan, Milan"]
[Black "Ruys, Frank C"]
[Result "1/2-1/2"]
[WhiteElo "2202"]
[BlackElo "2299"]
[PlyCount "84"]
[EventDate "2001.04.14"]
[EventType "tourn (corr)"]
[EventRounds "6"]
[SourceTitle "Corr 2008"]
[Source "ChessBase"]
[SourceDate "2008.06.24"]
[SourceVersion "1"]
[SourceVersionDate "2008.06.24"]
[SourceQuality "1"]

1. e4 e5 2. Nf3 Nc6 3. Bb5 a6 4. Ba4 Nf6 5. 0-0 Be7 6. Re1 b5 7. Bb3 0-0 8. a4 Bb7 9. d3 Re8 10. Nbd2 Bf8 11. c3 Na5 12. Ba2 c5 13. d4 d6 14. d5 c4 15. b4 cxb3 16. Nxb3 Nxb3 17. Qxb3 Qd7 18. Rb1 Reb8 19. axb5 axb5 20. Rb2 Ra5 21. Bb1 Ba6 22. Bg5 Be7 23. Bd3 Ra8 24. Ra2 Rxa2 25. Qxa2 h6 26. Bxf6 Bxf6 27. Rb1 Ra7 28. Rb3 Bd8 29. Ra3 Qb7 30. c4 b4 31. Ra4 b3 32. Qa3 Bb6 33. Nd2 Bc5 34. Qxb3 Qc7 35. Qa2 Bc8 36. Nb3 Bd7 37. Rxa7 Bxa7 38. Qa5 Qb6 39. Qxb6 Bxb6 40. Kf1 Kf8 41. Ke2 Bg4+ 42. f3 Bd7 1/2-1/2

[Event "IECG Q1.2000.0.00132"]
[Site "IECG email"]
[Date "2000.12.22"]
[Round "?"]
[White "Turcan, Milan"]
[Black "Ottenweller, Wolfgang"]
[Result "0-1"]
[WhiteElo "2197"]
[BlackElo "1917"]
[PlyCount "80"]
[EventDate "2000.12.22"]
[EventType "tourn (corr)"]
[EventRounds "6"]
[SourceTitle "Corr 2008"]
[Source "ChessBase"]
[SourceDate "2008.06.24"]
[SourceVersion "1"]
[SourceVersionDate "2008.06.24"]
[SourceQuality "1"]

1. e4 c5 2. Nf3 Nc6 3. Bb5 g6 4. 0-0 Bg7 5. Re1 Nf6 6. Nc3 0-0 7. e5 Ne8 8. Bxc6 dxc6 9. h3 Nc7 10. b3 Ne6 11. Bb2 Qc7 12. Ne4 Rd8 13. d3 a5 14. a4 b6 15. Neg5 Qd7 16. Nxe6 Qxe6 17. Qe2 Bb7 18. Rad1 Rab8 19. Qe3 h6 20. Qe4 Rd7 21. Nd2 Ba6 22. f4 Rbd8 23. Nc4 Bxc4 24. bxc4 Kh7 25. g4 Rb7 26. f5 Qc8 27. Rf1 b5 28. cxb5 cxb5 29. fxg6+ fxg6 30. Rf7 bxa4 31. Bc3 Rb4 32. Bxb4 cxb4 33. d4 Qe6 34. Qf3 Kg8 35. Rf4 a3 36. Qd3 Rc8 37. Rdf1 Rc3 38. Qe4 Rxh3 39. c4 a2 40. c5 b3 0-1

[Event "IECC CL1-2000.23"]
[Site "IECC email"]
[Date "2000.10.02"]
[Round "?"]
[White "Turcan, Milan"]
[Black "Montalvo Torres, Juan Gilberto"]
[Result "1/2-1/2"]
[WhiteElo "2254"]
[BlackElo "2062"]
[PlyCount "149"]
[EventDate "2000.??.??"]
[EventType "tourn (corr)"]
[EventRounds "4"]
[SourceTitle "Corr 2008"]
[Source "ChessBase"]
[SourceDate "2008.06.24"]
[SourceVersion "1"]
[SourceVersionDate "2008.06.24"]
[SourceQuality "1"]

1. e4 c6 2. d4 d5 3. f3 dxe4 4. fxe4 e5 5. Nf3 Be6 6. c3 Nf6 7. Bd3 Nbd7 8. 0-0 h6 9. Nbd2 Qc7 10. Qa4 Bd6 11. Nc4 Bxc4 12. Qxc4 0-0 13. Bd2 c5 14. Rac1 cxd4 15. cxd4 Qxc4 16. Rxc4 exd4 17. Bb4 Bxb4 18. Rxb4 Nc5 19. Rxd4 Rad8 20. e5 Rxd4 21. Nxd4 Ng4 22. Bf5 Nxe5 23. Rc1 Ned3 24. Rc3 Rd8 25. Bxd3 Rxd4 26. Rxc5 Rxd3 27. Rb5 b6 28. a4 f6 29. a5 bxa5 30. Rxa5 Rd7 31. Kf2 Rb7 32. b4 Rxb4 33. Rxa7 h5 34. Ra5 h4 35. Ra7 Kh7 36. Rc7 f5 37. Rc6 g5 38. Ra6 Rb2+ 39. Kf3 Rb3+ 40. Kf2 g4 41. Rc6 h3 42. gxh3 Rxh3 43. Kg2 Kg7 44. Ra6 Rh6 45. Ra7+ Kf6 46. Ra5 f4 47. Rb5 Rh8 48. Ra5 Rb8 49. Rc5 Rb2+ 50. Kg1 f3 51. Rh5 Rg2+ 52. Kf1 Kg6 53. Rh8 Kf5 54. Rf8+ Ke4 55. Re8+ Kd3 56. Rd8+ Ke3 57. Re8+ Kd4 58. Rd8+ Kc5 59. Rc8+ Kd6 60. Rd8+ Ke6 61. Re8+ Kd7 62. Rh8 Ke7 63. Rh7+ Ke6 64. Rh6+ Kf5 65. Rh8 Kg5 66. Rg8+ Kh6 67. Rh8+ Kg6 68. Rh4 Kg5 69. Rh8 Rb2 70. Rg8+ Kf4 71. Rf8+ Ke4 72. Re8+ Kd5 73. Rd8+ Ke5 74. Re8+ Kf6 75. Rf8+ 1/2-1/2

[Event "IECG CP.2000.P.00036"]
[Site "IECG email"]
[Date "2000.10.01"]
[Round "?"]
[White "Turcan, Milan"]
[Black "Smet, Marc"]
[Result "1/2-1/2"]
[WhiteElo "2189"]
[BlackElo "1903"]
[PlyCount "82"]
[EventDate "2000.10.01"]
[EventType "tourn (corr)"]
[EventRounds "6"]
[EventCountry "GER"]
[SourceTitle "Corr 2008"]
[Source "ChessBase"]
[SourceDate "2008.06.24"]
[SourceVersion "1"]
[SourceVersionDate "2008.06.24"]
[SourceQuality "1"]

1. e4 e6 2. d4 d5 3. Nc3 Bb4 4. e5 c5 5. a3 Bxc3+ 6. bxc3 Ne7 7. Qg4 Qc7 8. Qxg7 Rg8 9. Qxh7 cxd4 10. Ne2 Nbc6 11. f4 Bd7 12. Qd3 dxc3 13. Qxc3 0-0-0 14. Rb1 Kb8 15. g3 Bc8 16. Bg2 b6 17. Qd3 Bb7 18. Bd2 Nf5 19. Bf3 d4 20. Kf2 Nce7 21. Bxb7 Qxb7 22. h3 Ne3 23. Bxe3 dxe3+ 24. Qxe3 Nf5 25. Qc3 Rc8 26. Qd3 Rcd8 27. Qf3 Qc7 28. Rhd1 Qc5+ 29. Ke1 Ne3 30. Rd3 Qxc2 31. Rxd8+ Rxd8 32. Rc1 Qd2+ 33. Kf2 Nd1+ 34. Kf1 Ne3+ 35. Kg1 Nd1 36. Rc6 Rd3 37. Rd6 Rxd6 38. exd6 Qxd6 39. h4 Qc5+ 40. Kh2 f5 41. Qd3 Qf2+ 1/2-1/2

[Event "Landesliga Sued 9900"]
[Site "Bayern"]
[Date "2000.02.20"]
[Round "6.6"]
[White "Bintakies, Michael"]
[Black "Turcan, Milan"]
[Result "1/2-1/2"]
[WhiteElo "2170"]
[BlackElo "2030"]
[PlyCount "70"]
[EventDate "1999.10.10"]
[EventType "team-tourn"]
[EventRounds "9"]
[EventCountry "GER"]
[SourceTitle "EXT 2020"]
[Source "ChessBase"]
[SourceDate "2019.10.17"]
[SourceVersion "1"]
[SourceVersionDate "2019.10.17"]
[SourceQuality "1"]
[WhiteTeam "Haunstetten TSV"]
[BlackTeam "Muenchen Siemens"]
[WhiteTeamCountry "GER"]
[BlackTeamCountry "GER"]

1. d4 Nf6 2. Nf3 c5 3. c3 e6 4. e3 b6 5. Nbd2 Bb7 6. Bd3 cxd4 7. exd4 Be7 8. 0-0 Ba6 9. Bxa6 Nxa6 10. Nc4 0-0 11. Bg5 Qc7 12. Qd3 Rac8 13. Nce5 Nb8 14. Ng4 d5 15. Bxf6 Bxf6 16. Nxf6+ gxf6 17. Rfe1 Qf4 18. Re3 Kh8 19. Rae1 Rg8 20. Nd2 Rg6 21. Rg3 Rcg8 22. Ree3 Nc6 23. Ref3 Qd6 24. Rxg6 Rxg6 25. Rg3 e5 26. dxe5 fxe5 27. Qf5 Rxg3 28. hxg3 f6 29. g4 Ne7 30. Qh5 Ng6 31. Qf5 a5 32. g5 fxg5 33. Qxg5 b5 34. Nf3 b4 35. Qf5 bxc3 1/2-1/2